Total quality management: the route to improving performance. (2nd ed.) (Record no. 81354)
[ view plain ]
| 000 -LEADER | |
|---|---|
| fixed length control field | 01464nam a2200265 a 4500 |
| 008 - FIXED-LENGTH DATA ELEMENTS--GENERAL INFORMATION | |
| fixed length control field | 120416s1993 ||||||||||||||||| || u |
| 020 ## - INTERNATIONAL STANDARD BOOK NUMBER | |
| International Standard Book Number | 0750609931 |
| 050 ## - LIBRARY OF CONGRESS CALL NUMBER | |
| Classification number | HD 62.15 Oak |
| 100 ## - MAIN ENTRY--PERSONAL NAME | |
| Personal name | Oakland, John S |
| 245 10 - TITLE STATEMENT | |
| Title | Total quality management: the route to improving performance. (2nd ed.) |
| 250 ## - EDITION STATEMENT | |
| Edition statement | 2nd ed. |
| 260 ## - PUBLICATION, DISTRIBUTION, ETC. | |
| Place of publication, distribution, etc. | London: |
| Name of publisher, distributor, etc. | Butterworth/Heinemann |
| Date of publication, distribution, etc. | 1993 |
| 300 ## - PHYSICAL DESCRIPTION | |
| Extent | x, 463p. : ill. |
| 350 ## - | |
| -- | 0.00 |
| 650 #0 - SUBJECT ADDED ENTRY--TOPICAL TERM | |
| Topical term or geographic name entry element | MANAGEMENT |
| 650 ## - SUBJECT ADDED ENTRY--TOPICAL TERM | |
| Topical term or geographic name entry element | QUALITY CONTROL |
| 650 ## - SUBJECT ADDED ENTRY--TOPICAL TERM | |
| Topical term or geographic name entry element | TOTAL QUALITY MANAGEMENT--UNITED STATES |
| 856 ## - ELECTRONIC LOCATION AND ACCESS | |
| Uniform Resource Identifier | http://www.loc.gov/catdir/description/els032/92040747.html |
| 856 ## - ELECTRONIC LOCATION AND ACCESS | |
| Uniform Resource Identifier | http://www.loc.gov/catdir/toc/els032/92040747.html |
| 995 ## - | |
| -- | BINDERY (DAMAGED) |
| -- | 0.00 |
| -- | 730602 |
| -- | CBU-MAIN LIBRARY (Kitwe) |
| -- | 5 |
| -- | 37.00 |
| -- | HD 62.15 Oak |
| -- | 5 |
| -- | DAMAGED |
| -- | 027528 |
| -- | Main Library Open Access Collection |
| 995 ## - | |
| -- | BINDERY (DAMAGED) |
| -- | 0.00 |
| -- | 727187 |
| -- | CBU-MAIN LIBRARY (Kitwe) |
| -- | 4 |
| -- | 37.00 |
| -- | HD 62.15 Oak |
| -- | 1 |
| -- | DAMAGED |
| -- | 000008 |
| -- | Main Library Open Access Collection |
| 995 ## - | |
| -- | MAIN LIBRARY OPEN ACCESS |
| -- | 0.00 |
| -- | 727188 |
| -- | CBU-MAIN LIBRARY (Kitwe) |
| -- | 1 |
| -- | 37.00 |
| -- | HD 62.15 Oak |
| -- | 2 |
| -- | AVAILABLE |
| -- | 000012 |
| -- | Main Library Open Access Collection |
| 995 ## - | |
| -- | MAIN LIBRARY OPEN ACCESS |
| -- | 0.00 |
| -- | 727190 |
| -- | CBU-MAIN LIBRARY (Kitwe) |
| -- | 3 |
| -- | 37.00 |
| -- | HD 62.15 Oak |
| -- | 3 |
| -- | AVAILABLE |
| -- | 000015 |
| -- | Main Library Open Access Collection |
| 995 ## - | |
| -- | BINDERY (DAMAGED) |
| -- | 0.00 |
| -- | 727189 |
| -- | CBU-MAIN LIBRARY (Kitwe) |
| -- | 2 |
| -- | 37.00 |
| -- | HD 62.15 Oak |
| -- | 4 |
| -- | DAMAGED |
| -- | 000069 |
| -- | Main Library Open Access Collection |
| 999 ## - | |
| -- | 81354 |
| -- | 81354 |
| Withdrawn status | Lost status | Source of classification or shelving scheme | Damaged status | Not for loan | Permanent Location | Current Location | Shelving location | Date acquired | Total Checkouts | Full call number | Barcode | Date last seen | Copy number | Price effective from | Koha item type |
|---|---|---|---|---|---|---|---|---|---|---|---|---|---|---|---|
| CBU-MAIN LIBRARY, KITWE. | CBU-MAIN LIBRARY, KITWE. | 08/18/2023 | HD 62.15 Oak | 027528 | 08/18/2023 | 1 | 08/18/2023 | MONOGRAPH | |||||||
| CBU-MAIN LIBRARY, KITWE. | CBU-MAIN LIBRARY, KITWE. | 08/18/2023 | HD 62.15 Oak | 000008 | 08/18/2023 | 2 | 08/18/2023 | MONOGRAPH | |||||||
| CBU-MAIN LIBRARY, KITWE. | CBU-MAIN LIBRARY, KITWE. | 08/18/2023 | HD 62.15 Oak | 000012 | 08/18/2023 | 3 | 08/18/2023 | MONOGRAPH | |||||||
| CBU-MAIN LIBRARY, KITWE. | CBU-MAIN LIBRARY, KITWE. | 08/18/2023 | HD 62.15 Oak | 000015 | 08/18/2023 | 4 | 08/18/2023 | MONOGRAPH | |||||||
| CBU-MAIN LIBRARY, KITWE. | CBU-MAIN LIBRARY, KITWE. | 08/18/2023 | HD 62.15 Oak | 000069 | 08/18/2023 | 5 | 08/18/2023 | MONOGRAPH |